Fundamentals of Islamic Culture (Record no. 23577)

MARC details
000 -LEADER
fixed length control field 00346nam a22001457a 4500
020 ## - INTERNATIONAL STANDARD BOOK NUMBER
ISBN 9781781681635414
082 ## - DEWEY DECIMAL CLASSIFICATION NUMBER
Classification number 297
Author Cutter HIL
100 ## - MAIN ENTRY--AUTHOR NAME
Author name Hill Stacy
245 ## - TITLE STATEMENT
Title Fundamentals of Islamic Culture
260 ## - PUBLICATION, DISTRIBUTION, ETC. (IMPRINT)
Place of publication London, Koros Press
Name of publisher Koros Press
Year of publication 2015
300 ## - PHYSICAL DESCRIPTION
Number of Pages viii, 304p
650 ## - SUBJECT ADDED ENTRY--TOPICAL TERM
Topical Term Islamic fundamentals
942 ## - ADDED ENTRY ELEMENTS (KOHA)
Koha item type Books
Holdings
Home library Current library Shelving location Date acquired Source of acquisition Cost, normal purchase price Full call number Accession Number Koha item type
Henry Martyn Institute Library Henry Martyn Institute Library General stacks 09/25/2025 Kohinoor Book Distributor 3007.00 297 HIL 26016 Books
                   Copyright © 2026 | Henry Martyn Institute | Hyderabad | TS-500052 | INDIA | Implemented by hmi.edu.in
Hit-Count:

Powered by Koha